|
|
|
|
| LEADER |
00000nam a2200000 4500 |
| 001 |
vtls011751824 |
| 003 |
SK-MaSNL |
| 005 |
20260331211720.0 |
| 008 |
230501q1988 xo o e c 000 0dslo |
| 015 |
|
|
|a SNBE2021
|
| 020 |
|
|
|q (brožované)
|
| 035 |
|
|
|a urn:nbn:sk:snk-am00ic50
|
| 035 |
|
|
|a E463F562-E099-4B34-A4D3-916DFEEC28C1
|
| 040 |
|
|
|a SNK
|b slo
|c SNK
|e rda
|
| 041 |
0 |
|
|a slo
|
| 043 |
|
|
|a e-xo---
|
| 044 |
|
|
|a xo
|c SK
|
| 072 |
|
7 |
|a 72/76
|x Výtvarné umenie
|2 konspekt
|
| 080 |
|
|
|a 75(437.6)
|2 2011
|
| 080 |
|
|
|a 730-022.51
|2 2011
|
| 080 |
|
|
|a 7.036/.038
|2 2011
|
| 080 |
|
|
|a (437.6)
|2 2011
|
| 080 |
|
|
|a (083.824)
|2 2011
|
| 100 |
1 |
|
|a Gladišová, Darina,
|d 1953-
|4 art
|9 250117
|
| 245 |
1 |
0 |
|a Darina Gladišová
|b obrazy ; Gabriela Gáspárová-Illéšová : drobná plastika
|c grafická úprava katalógu Ľudmila Pavolová ; foto: J. Vojček, E. Bakaliaková, S. Tomašovič, M. Baloghová
|
| 246 |
3 |
0 |
|a Obrazy
|
| 246 |
3 |
0 |
|a Drobná plastika
|
| 264 |
|
1 |
|a [Miesto vydania nie je známe]
|b [vydavateľ nie je známy]
|c 1988
|
| 300 |
|
|
|a 14, 14 nečíslovaných strán
|b fotografie
|c 20 x 21 cm
|
| 336 |
|
|
|a text
|b txt
|2 rdacontent
|
| 336 |
|
|
|a statický obraz
|b sti
|2 rdacontent
|
| 337 |
|
|
|a bez média
|b n
|2 rdamedia
|
| 338 |
|
|
|a zväzok
|b nc
|2 rdacarrier
|
| 500 |
|
|
|a Životopisné dáta, prehľad výstav
|
| 600 |
1 |
7 |
|a Gladišová, Darina,
|d 1953-
|2 SNKMA
|9 250117
|
| 600 |
1 |
7 |
|a Gáspárová-Illéšová, Gabriela,
|d 1952-
|2 SNKMA
|9 333290
|
| 648 |
|
7 |
|a 20. storočie
|2 SNKPH
|9 278343
|
| 648 |
|
7 |
|a 20th century
|2 SNKPHeng
|9 277995
|
| 650 |
0 |
7 |
|a slovenské maliarstvo
|2 SNKPH
|9 3124
|
| 650 |
0 |
7 |
|a drobná plastika
|2 SNKPH
|9 88511
|
| 650 |
0 |
7 |
|a moderné umenie
|2 SNKPH
|9 68456
|
| 650 |
0 |
7 |
|a Slovak painting
|2 SNKPHeng
|9 302574
|
| 650 |
0 |
7 |
|a Small sculpture
|2 SNKPHeng
|9 363827
|
| 650 |
0 |
7 |
|a Modern art
|2 SNKPHeng
|9 294689
|
| 651 |
|
7 |
|a Slovensko
|2 SNKPH
|9 14231
|
| 651 |
|
7 |
|a Slovakia
|2 SNKPHeng
|9 92630
|
| 655 |
|
7 |
|a katalógy výstav
|2 SNKPH
|9 70445
|
| 655 |
|
7 |
|a Exhibition catalogs
|2 SNKPHeng
|9 266232
|
| 700 |
1 |
|
|a Pavolová, Ľudmila,
|d 1952-
|4 bkd
|9 213925
|
| 700 |
1 |
|
|a Vojček, J.
|4 pht
|9 665464
|
| 700 |
1 |
|
|a Bakaliaková, E.
|4 pht
|9 665465
|
| 700 |
1 |
|
|a Tomašovič, Slavomír
|4 pht
|9 47393
|
| 700 |
1 |
|
|a Baloghová, Mária
|4 pht
|9 10413
|
| 852 |
|
|
|a Slovenská národná knižnica
|
| 954 |
|
|
|a odborná, vedecká literatúra pôvodná (slovenská)
|2 lita
|
| 954 |
|
|
|a obrazové publikácie zamerané na výtvarné umenie a fotografiu pôvodné (slovenské)
|2 lita
|
| 958 |
|
|
|a OND
|
| 999 |
|
|
|c 1028539
|d 1030469
|
| 952 |
|
|
|a SNK
|b SNK
|y PREZ
|7 0
|p 17A1126335
|o snkOSD 10111
|i snk2018/8852
|8 1
|0 0
|1 0
|4 0
|d 2018-04-19
|f 1
|l 0
|r 2026-02-24 13:46:22
|w 2026-02-24
|
| 952 |
|
|
|a SNK
|b SNK
|y VYP
|7 0
|p 17A1126063
|o snkOSD 10111 D1
|i snk2018/13637
|8 1
|0 0
|1 0
|4 0
|d 2018-06-26
|l 0
|r 2026-02-24 13:46:22
|w 2026-02-24
|